Từ điển Anh-Việt thương mại và tài chính

Đã lưu trong:
Chi tiết về thư mục
Định dạng: Không biết
Ngôn ngữ:English
Được phát hành: 1994
Những chủ đề:
Các nhãn: Thêm thẻ
Không có thẻ, Là người đầu tiên thẻ bản ghi này!
Thư viện lưu trữ: Mạng thư viện Đại học Đà Nẵng
LEADER 01031ca a2200289 4500
001 000032315
003 8395
005 20151026000000.0
008 151002s1994 vm 000 eng
041 |a eng 
082 |a 423  |b LÊ-D 
245 |a Từ điển Anh-Việt thương mại và tài chính  |c Lê Phương Dũng 
260 |c 1994 
650 |a Từ điển Anh-Việt thương mại và tài chính, thương mại và tài chính, Lê Phương Dũng 
852 |b Đọc  |c TỪ ĐIỂN 
OWN |a LNN 
AVA |a UDN50  |b LNN  |c English  |d 423 LÊ-D  |e available  |t Error 5001 Not defined in file expand_doc_bib_avail.  |f 3  |g 0  |h N  |i 0  |j AN  |k 1 
999 |a From the UDN01 
AVA |a UDN50  |b LNN  |c English  |d 423 LÊ-D  |e available  |t Error 5001 Not defined in file expand_doc_bib_avail.  |f 3  |g 0  |h N  |i 0  |j AN  |k 1 
TYP |a Printed language 
980 |a Mạng thư viện Đại học Đà Nẵng